000 00732cab a2200193 4500
001 X88607
008 090401t1997 xxu||||| |||| 00| 0 eng d
035 _a(Sirsi) u82998
041 _aeng
245 _aHillman and another v Rogers and another
260 _c1997
350 _a0
490 _aNew Property Cases
_v[1997] NPC 183, (3)
520 _aCA 19 December 1997. Considers the implication of easements by way of grant under the Law of Property Act 1925, the rule in "Wheeldon v Burrows" and the doctrine of easements of necessity. Headnote. NOT TO BE PHOTOCOPIED.
650 _aHILLMAN AND ANOTHER V ROGERS AND ANOTHER
690 _aHIGHWAYS RIGHTS OF WAY AND EASEMENTS-CASE LAW
942 _n0
948 _c06/01/1998
999 _c52428
_d52428